=LDR 00000nam 2200000 4500 =001 INLIS000000000032440 =005 20130612134440 =008 ***********************************ind** =035 ##$$0010-061300000032440 =041 ##$$a ind =082 ##$$a 2x6.4 =090 ##$$a 2x6.4, Alh m =100 ##$$a Al-Habdan, Muhammad Bin Abdullah =245 ##$$a Melawan Kezaliman Terhadap Wanita, Penulis, Muhammad Bin Abdullah Al-Habdan;Penerjemah, Yunus =260 ##$$a 2009 $b Jakarta =300 ##$$a xviii,150 hlm, 20 cm =650 ##$$a Kedudukan =700 ##$$a Yunus =850 ##$$a NBPNMAT